1142 1297 1344 1242 1540 1974 1986 1833 1994 1785 1838 1437 1900 1680 1583 1522 1079 1295 1137 1475 1551 1904 1835 1820 1709 1510 1316 1814 1253 1034 1750 1561 1375 1253 1393 1190 1176 1480 1831 1840 1905 1086 1296 1436 1392 1386 1027 1972 1803 1916 1954 1139 1199 1142 1920 1569 1331 1045 1555 1177 1954 1088 1510 1383 1286 1508 1403 1370 1267 1632 1494 1011 1857 1454 1539 1357 1194 1472 1507 1017 1153 1033 1172 1159 1916 1626 1993 1236 1694 1259 1321 1725 1063 1220 1052 1363 1763 1763 1801 BCNSPRNW ULIB Ver.6.0+V

เปลี่ยนเป็นภาษาไทย

Change to English
 แสดงรายละเอียดบรรณานุกรม
  กลับหน้าหลัก

Brief Record : Get Marc (ISO 2709) : E-mail record : QR code < ปิดหน้าต่าง
LEADER : 00000nam 2200000uu 4500
001    13399125079
003     ULIB
008    160610s2557||||th 000 0 tha d
020    ^a9786162795572
060 04 ^aWO200^bป418ก
100 0  ^aประเสริฐ สวัสดิ์วิภาชัย
245 00 ^aการดูแลผู้ป่วยที่อยู่ในภาวะสงบระดับปานกลาง =^bCare of patients under moderate sedation. /^cบรรณาธิการ, ประเสริฐ สวัสดิ์วิภาชัย,อรวรรณ พงศ์รวีวรรณ
246 31 ^aCare of patients under moderate sedation
250    ^aพิมพ์ครั้งที่ 1
260    ^aกรุงเทพฯ :^bภาควิชาวิสัญญีวิทยา คณะแพทยศาสตร์ศิริราชพยาบาล มหาวิทยาลัยมหิดล,^c2557
300    ^a105 หน้า :^bภาพประกอบสี ;^c21 ซม.
650  7 ^aยาระงับความรู้สึก
700 0  ^aอรวรรณ พงศ์รวีวรรณ,^eบรรณาธิการ
710 2  ^aมหาวิทยาลัยมหิดล.^bคณะแพทยศาสตร์ศิริราชพยาบาล.^bภาควิชาวิสัญญีวิทยา
945    ^p125^l0^i001291
945    ^p125^l0^i001292
945    ^p125^l0^i001293
945    ^p125^l0^i001294
945    ^p125^l0^i001295
945    ^p125^l0^i001296
945    ^p125^l0^i001297
945    ^p125^l0^i008006
945    ^p125^l0^i008007
945    ^p125^l0^i008008
945    ^p125^l0^i008009
999    ^aเกษร โพธิ์สุวรรณ
รายการนี้ยังไม่มีแท็ก
คุณยังไม่ได้ล็อกอิน คุณสามารถมีกิจกรรมร่วมกับเว็บไซต์ได้ แต่ต้องล็อกอินก่อน ::
  ล็อกอิน

รายการสื่อสารสนเทศ

ลำดับที่ ประเภท เลขเรียก/บาร์โค้ด สถานที่ สถานะ
1. วิทยาศาสตร์การแพทย์ และสุขภาพ
วิทยาศาสตร์การแพทย์ และสุขภาพ
สถานะ=หนังสือเก่า
WO200 ป418ก ฉ.1 
  Barcode: 001291
ห้องสมุดวิทยาเขตสวรรค์ประชารักษ์
►ส่วนจัดเก็บหนังสือเก่า สปร
บนชั้น
  ขอยืม
2. วิทยาศาสตร์การแพทย์ และสุขภาพ
วิทยาศาสตร์การแพทย์ และสุขภาพ
สถานะ=หนังสือเก่า
WO200 ป418ก ฉ.10 
  Barcode: 008008
ห้องสมุดวิทยาเขตสวรรค์ประชารักษ์
►ส่วนจัดเก็บหนังสือเก่า สปร
บนชั้น
  ขอยืม
3. วิทยาศาสตร์การแพทย์ และสุขภาพ
วิทยาศาสตร์การแพทย์ และสุขภาพ
สถานะ=หนังสือเก่า
WO200 ป418ก ฉ.11 
  Barcode: 008009
ห้องสมุดวิทยาเขตสวรรค์ประชารักษ์
►ส่วนจัดเก็บหนังสือเก่า สปร
บนชั้น
  ขอยืม
4. วิทยาศาสตร์การแพทย์ และสุขภาพ
วิทยาศาสตร์การแพทย์ และสุขภาพ
สถานะ=หนังสือเก่า
WO200 ป418ก ฉ.2 
  Barcode: 001292
ห้องสมุดวิทยาเขตสวรรค์ประชารักษ์
►ส่วนจัดเก็บหนังสือเก่า สปร
บนชั้น
  ขอยืม
5. วิทยาศาสตร์การแพทย์ และสุขภาพ
วิทยาศาสตร์การแพทย์ และสุขภาพ
สถานะ=หนังสือเก่า
WO200 ป418ก ฉ.3 
  Barcode: 001293
ห้องสมุดวิทยาเขตสวรรค์ประชารักษ์
►ส่วนจัดเก็บหนังสือเก่า สปร
บนชั้น
  ขอยืม
6. วิทยาศาสตร์การแพทย์ และสุขภาพ
วิทยาศาสตร์การแพทย์ และสุขภาพ
สถานะ=หนังสือเก่า
WO200 ป418ก ฉ.4 
  Barcode: 001294
ห้องสมุดวิทยาเขตสวรรค์ประชารักษ์
►ส่วนจัดเก็บหนังสือเก่า สปร
บนชั้น
  ขอยืม
7. วิทยาศาสตร์การแพทย์ และสุขภาพ
วิทยาศาสตร์การแพทย์ และสุขภาพ
สถานะ=หนังสือเก่า
WO200 ป418ก ฉ.5 
  Barcode: 001295
ห้องสมุดวิทยาเขตสวรรค์ประชารักษ์
►ส่วนจัดเก็บหนังสือเก่า สปร
บนชั้น
  ขอยืม
8. วิทยาศาสตร์การแพทย์ และสุขภาพ
วิทยาศาสตร์การแพทย์ และสุขภาพ
สถานะ=หนังสือเก่า
WO200 ป418ก ฉ.6 
  Barcode: 001296
ห้องสมุดวิทยาเขตสวรรค์ประชารักษ์
►ส่วนจัดเก็บหนังสือเก่า สปร
บนชั้น
  ขอยืม
9. วิทยาศาสตร์การแพทย์ และสุขภาพ
วิทยาศาสตร์การแพทย์ และสุขภาพ
สถานะ=หนังสือเก่า
WO200 ป418ก ฉ.7 
  Barcode: 001297
ห้องสมุดวิทยาเขตสวรรค์ประชารักษ์
►ส่วนจัดเก็บหนังสือเก่า สปร
บนชั้น
  ขอยืม
10. วิทยาศาสตร์การแพทย์ และสุขภาพ
วิทยาศาสตร์การแพทย์ และสุขภาพ
สถานะ=หนังสือเก่า
WO200 ป418ก ฉ.8 
  Barcode: 008006
ห้องสมุดวิทยาเขตสวรรค์ประชารักษ์
►ส่วนจัดเก็บหนังสือเก่า สปร
บนชั้น
  ขอยืม
11. วิทยาศาสตร์การแพทย์ และสุขภาพ
วิทยาศาสตร์การแพทย์ และสุขภาพ
สถานะ=หนังสือเก่า
WO200 ป418ก ฉ.9 
  Barcode: 008007
ห้องสมุดวิทยาเขตสวรรค์ประชารักษ์
►ส่วนจัดเก็บหนังสือเก่า สปร
บนชั้น
  ขอยืม

รายการใกล้เคียง
    ผู้แต่ง [ประเสริฐ สวัสดิ์วิภาชัย]

    หัวเรื่อง [ยาระงับความรู้สึก]

BibComment


ยังไม่เคยถูกคอมเมนท์

คอมเมนท์ทรัพยากรรายการนี้
  คอมเมนท์: การดูแลผู้ป่วยที..


 Copyright 2026. Bcnsprnw @Library